Les plus grandes banlieues françaises en dehors de Paris - Statistiques

Statistiques générales
  • Ce quiz a été pris 218 fois
  • Le résultat moyen est 13 sur 23
Statistiques - réponses
Population (2015) Agglomération Commune % Correct
148,000 Lyon Villeurbanne
97%
96,000 Lille Roubaix
87%
142,000 Marseille Aix-en-Provence
84%
96,000 Lille Tourcoing
84%
64,000 Lyon Vénissieux
76%
74,000 Nice Cannes
71%
70,000 Bordeaux Mérignac
70%
61,000 Bordeaux Pessac
66%
74,000 Nice Antibes
65%
61,000 Lille Villeneuve-d'Ascq
65%
64,000 Toulon La Seyne-sur-Mer
58%
45,000 Marseille Aubagne
54%
47,000 Lyon Vaulx-en-Velin
52%
49,000 Marseille Martigues
50%
40,000 Lyon Bron
48%
45,000 Nantes Saint-Herblain
40%
49,000 Nice Cagnes-sur-Mer
39%
45,000 Lyon Saint-Priest
39%
42,000 Bordeaux Talence
36%
42,000 Lyon Caluire-et-Cuire
35%
43,000 Marseille Istres
35%
41,000 Lille Wattrelos
24%
41,000 Nice Le Cannet
22%
Aucun quiz correspondant
Distribution des résultats
% des personnes avec chaque résultat
Percentile par nombre de réponses
Votre historique - résultats
Vous n’avez pas pris ce quiz